000 01218nam a2200325 i 4500
001 000006482
003 DO-SdBNP
005 20231129095048.0
007 ta
008 090831s2000 dr 000 0 spa d
040 _aDO-SdBNP
_bspa
_cBNPHU
_erda
082 4 _a332.497293
_bS593m
_222
100 1 _aSimó, Dennis R.,
_914023
_eautor
245 1 0 _aMercado cambiario en la República Dominicana /
_cDennis R., Simó ; correción, Sandra Sánchez.
264 _aSanto Domingo :
_beditor sin identificar,
_c2000.
300 _a120 páginas ;
_c22 cm.
336 _2rdacontent
_atexto
_btxt
337 _2rdacarrier
_avolumen
_bn
338 _2rdacarrier
_avolumen
_bnc
500 _aIncluye datos biográficos del autor en la contracubierta
590 _aInventariado, 2023/BT
650 4 _aBolsa de valores
_zRepública Dominicana
_xHistoria
_yXIX-XX
_917955
650 4 _aPolítica monetaria
_zRepública Dominicana
_95998
650 4 _aCambio exterior
_zRepública Dominicana
_95999
650 4 _aMoneda
_zRepública Dominicana
_xHistoria
_917956
650 4 _aConvertibilidad de la moneda
_zRepública Dominicana
_917957
700 1 _aSánchez, Sandra,
_ecorrección
_917958
910 _aBtavárez
942 _2ddc
_cLBS1
999 _c6273
_d6273